Sports Quiz

Random Sports or WWE Quiz

ROH World Champions Quiz Stats

 Plays Quiz not verified by Sporcle

Score 0/22 Timer 03:00
2 Plays Today
Year Wrestler % Correct
2005CM Punk
90.9%
2005Bryan Danielson
89%
2003Samoa Joe
87.8%
2015Jay Lethal
82.6%
2012Kevin Steen
77%
2013Jay Briscoe
75%
2014Jay Briscoe
73.6%
2013Adam Cole
73.5%
2004Austin Aries
73.3%
2009Austin Aries
73.3%
2010Tyler Black
69.8%
Year Wrestler % Correct
2002Low Ki
66.7%
2007Nigel McGuinness
61.3%
2011Davey Richards
58.6%
2011Eddie Edwards
57.3%
2010Roderick Strong
56.3%
2005James Gibson
51.7%
2014Michael Elgin
48.7%
2002Xavier
47.9%
2009Jerry Lynn
46.9%
2006Homicide
46.8%
2007Takeshi Morishima
40.4%

You're not logged in!

Compare scores with friends on all Sporcle quizzes.
OR
Log In

Show Comments

Extras

Top Quizzes Today


Score Distribution

Your Account Isn't Verified!

In order to create a playlist on Sporcle, you need to verify the email address you used during registration. Go to your Sporcle Settings to finish the process.

Report this User

Report this user for behavior that violates our Community Guidelines.

Details: